Sentino - Najpopularniejsze piosenki wydane w 2025 - Statystyki

Ogólne statystyki
  • Ten quiz został rozwiązany 39 razy
  • Średni wynik to 8 z 15
Statystyki odpowiedzi
NUMER NAZWA NUTKI ODSŁUCHY % Poprawnych
1. CASABLANCA 39.3m
100%
2. MARBELLA 15.8m
75%
3. DYLEMAT 5.6m
67%
6. RYSY NA ROLEXIE 4.5m
61%
5. ZŁODZIEJ Z TELEWIZJI 4.6m
61%
11. TRUMP 2.6m
56%
9. BARRIO 3.3m
53%
4. Ocean Beach 5.8m
53%
8. CASABLANCA - Remix 3.4m
39%
12. LEGEND 2.2m
39%
10. ZDROWIA 2.9m
39%
13. REAL MADRYT 1.8m
36%
14. CLASSE INTERNATIONAL 1.8m
33%
7. LOST 4.5m
31%
15. ALFREDO 1.7m
25%
Nie znaleziono quizów pasujących do podanych kryteriów
Rozkład punktacji
Procent ludzi z każdym wynikiem
Percentyl według liczby udzielonych odpowiedzi
Twoja historia wyników
Nie rozwiązałeś tego quizu